<?xml version="1.0" encoding="UTF-8"?>
<record
    xmlns:xsi="http://www.w3.org/2001/XMLSchema-instance"
    xsi:schemaLocation="http://www.loc.gov/MARC21/slim http://www.loc.gov/standards/marcxml/schema/MARC21slim.xsd"
    xmlns="http://www.loc.gov/MARC21/slim">

  <leader>01391nam a22003017a 4500</leader>
  <controlfield tag="001">6036</controlfield>
  <controlfield tag="003">FISKH</controlfield>
  <controlfield tag="005">20250226112941.0</controlfield>
  <controlfield tag="008">250226b        cb ||||| |||| 00| 0 eng d</controlfield>
  <datafield tag="020" ind1=" " ind2=" ">
    <subfield code="a">0553542079</subfield>
  </datafield>
  <datafield tag="040" ind1=" " ind2=" ">
    <subfield code="a">FISKH</subfield>
    <subfield code="b">eng</subfield>
    <subfield code="c">FISKH</subfield>
    <subfield code="d">FISKH</subfield>
  </datafield>
  <datafield tag="050" ind1=" " ind2=" ">
    <subfield code="a">PZ7.B8344 M</subfield>
  </datafield>
  <datafield tag="082" ind1=" " ind2=" ">
    <subfield code="a">813.54</subfield>
  </datafield>
  <datafield tag="100" ind1=" " ind2=" ">
    <subfield code="a">Bryant, Bonnie</subfield>
    <subfield code="d">(1943-)</subfield>
  </datafield>
  <datafield tag="245" ind1=" " ind2=" ">
    <subfield code="a">Pony tails :</subfield>
    <subfield code="b">May's riding lesson /</subfield>
    <subfield code="c">Bonnie Bryant ; Illustrated by Marcy Ramsey</subfield>
  </datafield>
  <datafield tag="250" ind1=" " ind2=" ">
    <subfield code="a">This edition first published in 1995</subfield>
  </datafield>
  <datafield tag="260" ind1=" " ind2=" ">
    <subfield code="a">New York :</subfield>
    <subfield code="b">A Skylark,</subfield>
    <subfield code="c">1995.</subfield>
  </datafield>
  <datafield tag="300" ind1=" " ind2=" ">
    <subfield code="a">101 pages :</subfield>
    <subfield code="b">illustrations ;</subfield>
    <subfield code="c">20 cm</subfield>
  </datafield>
  <datafield tag="505" ind1=" " ind2=" ">
    <subfield code="a">L
</subfield>
  </datafield>
  <datafield tag="520" ind1=" " ind2=" ">
    <subfield code="a">Juvenile Fiction. HTML:There's more than one way to stop a bully
Wil never misses a chance to pick on best friends Jasmine, May, and Corey about playing with their toy horses. Not only do the girls love their real ponies, they love to play with their toy ones, too.
May decides it's time to teach Wil a lesson. But even though Jasmine's feelings are hurt, she wants May to leave Wil alone. When she begins helping Corey train her pony, Samurai, for the scavenger hunt at Pine Hollow Stables, she realizes there might be a better way to stop a bully.</subfield>
  </datafield>
  <datafield tag="521" ind1="8" ind2=" ">
    <subfield code="a">510
</subfield>
    <subfield code="b">Lexile
</subfield>
  </datafield>
  <datafield tag="521" ind1="8" ind2=" ">
    <subfield code="a">L
</subfield>
    <subfield code="b">Raz-Plus
</subfield>
  </datafield>
  <datafield tag="650" ind1=" " ind2=" ">
    <subfield code="2">Girls</subfield>
    <subfield code="a">Horses</subfield>
  </datafield>
  <datafield tag="650" ind1=" " ind2=" ">
    <subfield code="2">Pony Tails</subfield>
    <subfield code="a">Saddle club</subfield>
  </datafield>
  <datafield tag="700" ind1=" " ind2=" ">
    <subfield code="a">Ramsey, Marcy</subfield>
    <subfield code="d">illustrator</subfield>
  </datafield>
  <datafield tag="942" ind1=" " ind2=" ">
    <subfield code="2">ddc</subfield>
    <subfield code="c">BK</subfield>
    <subfield code="n">0</subfield>
  </datafield>
  <datafield tag="999" ind1=" " ind2=" ">
    <subfield code="c">6036</subfield>
    <subfield code="d">6036</subfield>
  </datafield>
  <datafield tag="952" ind1=" " ind2=" ">
    <subfield code="0">0</subfield>
    <subfield code="1">0</subfield>
    <subfield code="2">ddc</subfield>
    <subfield code="4">0</subfield>
    <subfield code="7">0</subfield>
    <subfield code="8">JUVF</subfield>
    <subfield code="a">001</subfield>
    <subfield code="b">001</subfield>
    <subfield code="c">TTP Yellow </subfield>
    <subfield code="d">2025-02-26</subfield>
    <subfield code="l">0</subfield>
    <subfield code="o">BRY 813.54  PZ7.B8344 M</subfield>
    <subfield code="p">2025-0685</subfield>
    <subfield code="r">2025-02-26 11:29:38</subfield>
    <subfield code="t">1</subfield>
    <subfield code="w">2025-02-26</subfield>
    <subfield code="y">BK</subfield>
  </datafield>
</record>
